| 000 | 01013cad a22002175a 4500 | ||
|---|---|---|---|
| 001 | E154932 | ||
| 008 | 120206e20120203xxk s000 0 eng d | ||
| 035 | _a(Sirsi) u154932 | ||
| 041 | 0 | _aeng | |
| 110 | 2 |
_aScotland _bScottish Government _95344 |
|
| 245 | 0 | 0 |
_aPlanning rules eased for home improvements _h[electronic resource] |
| 260 | _c2012 | ||
| 490 |
_aScottish Government News Release _v3 February 2012 |
||
| 520 | _aPlanning restrictions in Scotland will be eased for certain types of home improvements from 6 February 2012, to allow work such as extensions, ramps and decking to be built without the need to apply for planning permission. | ||
| 590 | _aKA | ||
| 650 | 2 | 4 | _aTOWN AND COUNTRY PLANNING (GENERAL PERMITTED DEVELOPMENT) (SCOTLAND) AMENDMENT ORDER 2011 |
| 651 | 4 |
_aScotland _y1999- |
|
| 690 |
_aPlanning and development _96259 |
||
| 856 | 4 | 0 |
_uhttps://www.scotland.gov.uk/News/Releases/2012/02/planning-home-06022012 _zView the news release free of charge at www.scotland.gov.uk |
| 942 | _n0 | ||
| 999 |
_c83750 _d83750 |
||